000 00523cam a2200169 4500500
005 20260405001635.0
041 _afre
042 _adc
100 1 0 _aDagognet, François
_eauthor
245 0 0 _aLe jour où j’ai rencontré ma fille
260 _c2013.
500 _a21
690 _aEnfance
690 _aPaternité
786 0 _nPhilosophie magazine | 74 | 11 | 2013-11-01 | p. 53-53 | 1951-1787
856 4 1 _uhttps://shs.cairn.info/magazine-philosophie-magazine-2013-11-page-53?lang=fr&redirect-ssocas=7080
999 _c2049569
_d2049569